| 000 | 00853nam a2200205 i 4500 | ||
|---|---|---|---|
| 001 | 166849 | ||
| 003 | ES-MaACL | ||
| 005 | 20251011063150.0 | ||
| 008 | 931025s1892 sp |||| | spa d | ||
| 080 | _a821.134.2-4"18" | ||
| 100 | 1 |
_aValbuena, Antonio de, _d1844-1929 _9112452 |
|
| 245 | 1 | 0 |
_aAgridulces políticos y literarios _b: Primera toma / _cpor Antonio de Valbuena (Miguel de Escalada). |
| 260 |
_aMadrid : _bLa España Editorial, _c1892 ( _fen la Imp. de J. Cruzado) |
||
| 300 |
_a2 v. (251, 253 p.) ; _c17 cm. |
||
| 530 | _aDisponible en formato digital. | ||
| 594 | _aMiguel de Escalada es seud. de Antonio de Valbuena. | ||
| 852 |
_aES-MaACL _jF-10845-46 _z-- Enc. hol. conservando la cub. original |
||
| 856 |
_uhttp://bdh-rd.bne.es/viewer.vm?id=0000013288&page=1 _zBiblioteca Digital Hispánica |
||
| 999 |
_c166849 _d166849 |
||